Estudios de Derecho Civil III
Gespeichert in:
| 1. Verfasser: | |
|---|---|
| Format: | Buch |
| Sprache: | Spanisch |
| Veröffentlicht: |
Santiago
Legal Publishing
2008
|
| Ausgabe: | 1a. ed |
| Schlagworte: | |
| Tags: |
Tag hinzufügen
Keine Tags, Fügen Sie den ersten Tag hinzu!
|
MARC
| LEADER | 00000nam a2200000 a 4500 | ||
|---|---|---|---|
| 001 | UCI8228 | ||
| 003 | CL-VaPUC | ||
| 005 | 20240403173752.0 | ||
| 008 | 080813e20080000cl 1 spa d | ||
| 999 | |c 384383 |d 384381 | ||
| 020 | |a 9789562387804 | ||
| 040 | |c Pontificia Universidad Católica de Valparaíso | ||
| 082 | 0 | 4 | |a 346.83 |b GUZ |2 21 |
| 100 | |a Guzmán Brito, Alejandro Ángel |e autor |9 388 | ||
| 245 | 1 | 0 | |a Estudios de Derecho Civil III |
| 250 | |a 1a. ed | ||
| 260 | |a Santiago |b Legal Publishing |c 2008 | ||
| 300 | |a 918 p | ||
| 505 | |a Primera Parte Temas generales El "código civil" revisitado por el generalista. Perfil iusnaturalista del código / Antonio Pedrals García de Cortázar ¿Integra el derecho de consumo el derecho civil, el derecho mercantil o conforma una disciplina jurídica autónoma? / Ruperto Pinochet Olave Segunda Parte Derecho de la familia y de las convivencias Algunas consideraciones sobre la vejez y la muerte ante el derecho civil / Gonzalo Figueroa Yáñez La igualdad de las personas y el artículo 57 del "código civil" / Carmen Gloria Pérez Villar Principios fundamentales del sistema matrimonial chileno / Jorge Del Picó Rubio Visión crítica de la sociedad conyugal y algunos fundamentos del principio de protección al cónyuge más débil / Juan Andrés Orrego Acuña Indemnización entre cónyuges por los daños causados con ocasión del divorcio / Gonzalo Severín Fuster Eficacia de la "ley de matrimonio civil" con respecto a las sentencias de divorcio emitidas en el extranjero con anterioridad a su vigencia / Patricio Aguirre Veloso Del derecho de la familia hacia un derecho de las familias / Mauricio Tapia Rodríguez Las uniones de hecho y su regulación legal / Susan Turner Saelzer Uniones afectivo-sexuales y matrimonios entre personas del mismo sexo en el estado democrático de derecho / Gabriel Hernández Paulsen Tercera Parte Derecho de los bienes Algunos aspectos de comunicabilidad entre los derechos reales y personales y la teoría de la tipicidad causal de estatuto como creadora de derechos reales atípicos / Rodrigo Barcia Lehmann El derecho de propiedad y la intangibilidad de los contratos en la jurisprudencia de los requerimientos de inaplicabilidad / Joel González Castillo La propiedad austral, las limitaciones al dominio y el valor de los precedentes judiciales / Juan Andrés Varas Braun La presunción dominical y la determinación del sujeto pasivo del proceso expropiatorio de un inmueble inscrito / José Joaquín Ugarte Godoy Destrucción y especificación de una cosa corporal / Alejandro Guzmán Brito El fenómeno de la fusión de cosas / Andrés Kuncar Oneto El principio de lo accesorio y las convenciones en materia de edificación y plantación / Jorge Wahl Silva La "inmissio" como remedio a las perturbaciones en los lugares de uso público / Carlos Felipe Amunátegui Perelló́ Cuarta Parte Derecho de las Obligaciones La causa de la relación obligatoria / Jaime Alcalde Silva Hacia un sistema de remedios al incumplimiento contractual / Carlos Pizarro Wilson Finalidad y alcance de las acciones y los remedios contractuales / Enrique Barros Bourie La carga de mitigar las pérdidas del acreedor y su incidencia en el sistema de remedios por incumplimiento / Alvaro Vidal Olivares El incumplimiento contractual y sus modalidades / Claudia Mejías Alonso Exoneración de responsabilidad y extinción de la obligación: delimitación de las nociones de caso fortuito e imposibilidad sobrevenida de la prestación / María Graciela Brantt Zumarán Incumplimiento y exoneración de responsabilidad en los contratos de servicios. Los lineamientos de la responsabilidad estricta del proveedor / María Sara Rodríguez Pinto Quinta Parte Derecho de los contratos El derecho de la contratación en los inicios del siglo XXI / Juan Guillermo Matus Valencia La reforma al derecho de las cauciones en Francia: perspectivas para un devenir en Chile / Bruno Caprile Biermann La parábola del administrador infiel. Un estudio sobre los conflictos de intereses y el deber de lealtad / Diego Pardow Lorenzo El deber de información en el contrato de seguro / Carlos Ruiz- Tagle Vial – "Fiducia cum creditore" y simulación. La validez de la venta en garantía / Adolfo Wegmann Stockebrand Análisis crítico desde el derecho alemán y nacional de una sentencia de la Corte de Apelaciones de Santiago que acoge la teoría de la imprevisión / Rodrigo Momberg Uribe La acción redhibitoria como acción de nulidad / Jorge Baraona González El ejercicio de la acción de nulidad por un tercero no contratante / Hernán Corral Talciani Sexta Parte Derecho de la responsabilidad extracontractual Negligencia, imprudencia e impericia como conceptos negativos integradores de la culpa: un intento de conceptuación / Gian Franco Rosso Elorriaga La concurrencia de responsabilidades o el mal denominado cúmulo de responsabilidades en el derecho chileno: estado actual / Carmen Domínguez Hidalgo Requisitos comunes del daño como elemento de la indemnización de perjuicios / Gastón Salinas Ugarte La modificación al "schmerzensgeld" o daño extrapatrimonial en la reforma del BGB / Marcelo Barrientos Zamorano El día de inicio del plazo de prescripción de una acción indemnizatoria cuando el perjuicio se ha manifestado con posterioridad al hecho que lo origina / Fabián Elorriaga De Bonis La ley N°20.169 sobre competencia desleal: una hipótesis de responsabilidad civil extracontractual /Mauricio Tapia Rodríguez La responsabilidad patrimonial de la administración médico-sanitaria. Cuestiones y proyecciones / Hugo Alejandro Cárdenas Villarreal Reparación y prevención de daños derivados de deficiencias viales en Chile: panorama normativo y jurisprudencial / José Luis Díez Schwerter ¿Hacia una objetivación jurisprudencial de la responsabilidad patronal? Criterios para evaluar sus consecuencias / Osvaldo Lagos Villarreal Crítica a la configuración de la responsabilidad civil de la empresa principal y de la empresa usuaria en la ley no. 20.123 / Pamela Prado López La responsabilidad civil de los auditores / Adrian Schopf Olea Aspectos tributarios de las indemnizaciones civiles / Jorge Montecinos Araya | ||
| 518 | |p Jornadas Nacionales de Derecho Civil, 5, Valparaíso, 28-30 de Junio de 2007 | ||
| 536 | |a Facultad de Derecho de la Pontificia Universidad Católica de Valparaíso | ||
| 546 | |a En Español | ||
| 583 | |a last modification |c 20190828 11:09:34 |k Rodrigo Vera | ||
| 650 | 0 | 0 | |a Derecho civil |9 255013 |
| 650 | 0 | 0 | |a Código civil |9 256135 |
| 650 | 0 | 7 | |a DERECHO MATRIMONIAL CHILENO |2 CL-VaPUC |9 552165 |
| 650 | 0 | 7 | |a RESPONSABILIDAD CIVIL |2 CL-VaPUC |9 621262 |
| 650 | 0 | 0 | |a Responsabilidad extracontractual |9 336742 |
| 650 | 0 | 0 | |a Derecho de familia |9 255603 |
| 650 | 0 | 7 | |a NULIDAD DE CONTRATO |2 CL-VaPUC |9 432804 |
| 942 | |c BK |2 ddc | ||
| 945 | |a jtorresc |d 20080813 00:00:00 | ||
| 952 | |0 0 |1 0 |4 0 |6 346_830000000000000_GUZ_2008 |7 0 |8 A |9 507053 |a BIBDER |b BIBDER |d 2020-01-23 |i 447323K |l 6 |o 346.83 GUZ 2008 |p 447323K |r 2024-12-19 |s 2024-12-19 |w 2020-01-23 |y BK |k DER | ||